000 00441nam a2200193Ia 4500
003 OSt
005 20250224104728.0
008 210210b1943 xxu||||| |||| 00| 0 eng d
040 _cAL
041 _aeng
082 _a516/92
100 _aNARAYANA (S)
_945813
245 _aDynamics
260 _aMadras
_bRochouse & Sons Pvt Ltd
_c1943
650 _aDynamics
_945814
690 _astatics
_945815
906 _a007808
942 _2ddc
_cBK
999 _c140667
_d140667